00230nam a2200085Ia 4500001000800000005001700008008004100025245005100066260002700117125026820251031150853.0251031s9999 xx 000 0 und d 0cAHMET ÜMİTaA-4 BİR SES BÖLER GECEYİ bYAPI KREDİ YAYINLARI